Estándares de la profesión docente. Carreras de pedagogía en matemática educación media.

Saved in:
Bibliografiske detaljer
Institution som forfatter: Centro de Perfeccionamiento, Experimentación e Investigación Pedagógicas (autor)
Format: Bog
Sprog:engelsk
Udgivet: Santiago, Chile: CPEIP, 2021
Udgivelse:Primera edición
Fag:
Online adgang:Disponible Online - Mineduc
Tags: Tilføj Tag
Ingen Tags, Vær først til at tagge denne postø!

MARC

LEADER 00000nam a22000007a 4500
003 CL-VaPUC
005 20220531084458.0
008 220502b2021 ||||| |||| 00| 0 eng d
999 |c 435504  |d 435502 
020 |a 978-956-292-945-5 
040 |c Pontificia Universidad Católica de Valparaíso 
082 7 |a 371.12 CEN 2021  |2 22 
110 |a Centro de Perfeccionamiento, Experimentación e Investigación Pedagógicas  |9 621098  |e autor 
245 |a Estándares de la profesión docente. Carreras de pedagogía en matemática educación media. 
250 |a Primera edición 
260 |a Santiago, Chile:  |b CPEIP,  |c 2021 
300 |a 144 páginas 
500 |a C1-C.2. Donación Profesor Jaime Mena. Memo 02/2022. Abril 2022 
583 |c 20220502  |k Catalogador Asistente 
650 |a Pedagogía en matemáticas   |x Docentes   |x Estándares  |9 869918 
650 |a Profesión docente  |x Estándares   |9 869919 
856 |u https://estandaresdocentes.mineduc.cl/wp-content/uploads/2021/08/Matematica-Media.pdf  |y Disponible Online - Mineduc 
942 |2 ddc  |c BK 
952 |0 0  |1 0  |2 ddc  |4 0  |6 371_120000000000000_CEN_2021  |7 0  |8 A  |9 582833  |a BIBMAT  |b BIBMAT  |c E_DIDACT  |d 2022-05-02  |e Donación  |i 5650948  |o 371.12 CEN 2021  |p 5650948  |r 2025-01-07  |t 1  |w 2022-05-02  |y BK  |k MAT 
952 |0 0  |1 0  |2 ddc  |4 0  |6 371_120000000000000_CEN_2021  |7 0  |8 A  |9 582834  |a BIBMAT  |b BIBMAT  |c E_DIDACT  |d 2022-05-02  |e Donación  |i 5650949  |o 371.12 CEN 2021  |p 5650949  |r 2025-01-07  |t 2  |w 2022-05-02  |y BK  |k MAT